000 02014cam a22005174i 4500
003 PE-LiUPU
005 20250731184529.0
008 150623s1996 pau rb 000 0 eng d
020 _a1563381826
035 _a(Sirsi) i9781563381829
040 _aPE-LiUPU
_bspa
_cPE-LiUPU
_erda
049 _aPRUA
082 0 4 _a933
_bH76
_221
100 1 _aHorsley, Richard A.,
_eautor.
245 1 0 _aArchaeology, history, and society in Galilee :
_bthe social context of Jesus and the rabbis /
_cRichard A. Horsley.
264 1 _aHarrisburg, Pennsylvania :
_bTrinity Press International,
_c1996.
300 _a240 páginas ;
_c22 centímetros
336 _atext
_2rdacontent
337 _aunmediated
_2rdamedia
338 _avolume
_2rdacarrier
504 _aIncluye bibliografía.
505 0 _aGalilee, crosroad of empires -- Sepphoris and Tiberias, Monuments of urbanization -- Trade or tribute: the political economy of Roman galilee -- Villages Upper Galilee -- Villages lower Galilee -- Before synagogues were buildings -- Languages and cultural traditions.
526 _aP136
526 _aP135
526 _aP134
526 _aP133
526 _aP144
526 _aP143
526 _aP87
526 _aP35
526 _aP20
526 _aP14
526 _aP10
526 _aP06
600 1 4 _aJesucristo.
651 4 _aGalilea (Israel)
_xAntigüedades.
651 4 _aJudios
_xHistoria
_y586 aC-70 dC.
650 1 4 _aJudaísmo
_xHistoria
_yPeríodo post-exílico, año 586 aC-210 dC.
650 2 4 _aJudios
_xPolítica y gobierno
_ya 70 dC.
942 _2ddc
_cBOOK
949 _a933 H76
_wDEWEY
_c1
_i47885
_lCCODEBUL1
_mBUL
_r0
_sY
_tBOOK
_u2015-6-24
_xTEOLOGIA
_PP35
_0COMPRA
_o.STAFF. Colección Teología
994 _aC0
_bPEPRU
596 _a1
999 _a956.945 H76A
_wDEWEY
_c21735
_i44860
_f2021-11-11
_g5
_lCCODEBUL1
_mBUL
_p13.00
_r0
_sY
_tBOOK
_u2015-6-24
_xTEOLOGIA
_PP35
_0COMPRA
_o.STAFF. Colección Teología
_d21735
980 _81
_gALBERTO SANCHEZ Responsable de Automatización